书目信息 |
| 题名: |
现代公关理论与实践
|
|
| 作者: | 李健荣 , 王克智 主编 | |
| 分册: | ||
| 出版信息: | 北京 高等教育出版社 1997 |
|
| 页数: | 10,360页 | |
| 开本: | 20cm | |
| 丛书名: | ||
| 单 册: | ||
| 中图分类: | C912.3 | |
| 科图分类: | 59.88 | |
| 主题词: | 公共关系学 | |
| 电子资源: | ||
| ISBN: | 7-04-006289-5 | |
| 000 | 00655nam0 2200229 45 | |
| 001 | 0198011722 | |
| 005 | 20070612150909.48 | |
| 010 | @a7-04-006289-5@d¥16.90 | |
| 100 | @a19980302d1997 em y0chiy0121 ea | |
| 101 | 0 | @achi |
| 102 | @aCN@b110000 | |
| 105 | @ay z 000yy | |
| 200 | 10 | @a现代公关理论与实践@Axian dai gong guan li lun yu shi jian@f李健荣,王克智主编 |
| 210 | @a北京@c高等教育出版社@d1997@h2000 | |
| 215 | @a10,360页@d20cm | |
| 606 | @a公共关系学 | |
| 690 | @aC912.3@v3 | |
| 692 | @a59.88@v2 | |
| 701 | 0 | @a李健荣@Ali jian rong@4主编 |
| 701 | 0 | @a王克智@Awang ke zhi@4主编 |
| 801 | 0 | @aCN@bTSSF@c20070612 |
| 905 | @a10447@dC912.3@e546 | |
| 现代公关理论与实践/李健荣,王克智主编.-北京:高等教育出版社,1997(2000) |
| 10,360页;20cm |
| ISBN 7-04-006289-5:¥16.90 |
| ● |
| 相关链接 |
|
|
|
|
正题名:现代公关理论与实践
索取号:C912.3/546
 
预约/预借
| 序号 | 登录号 | 条形码 | 馆藏地/架位号 | 状态 | 备注 |
| 1 | 0513486 | 205134861 | 第一样本阅览室/ [索取号:C912.3/546] | 在馆 | |
| 2 | 0513487 | 205134870 | 密集书库/ [索取号:C912.3/546] | 在馆 | |
| 3 | 0513488 | 205134889 | 密集书库/ [索取号:C912.3/546] | 在馆 | |
| 4 | 0513489 | 205134898 | 密集书库/ [索取号:C912.3/546] | 在馆 | |
| 5 | 0635753 | 206357538 | 密集书库/ [索取号:C912.3/546] | 在馆 |